Top 10 African Countries by Area - Statistics

General Stats
  • This quiz has been taken 130 times
  • The average score is 13 of 20
Answer Stats
Area Country % Correct
2,381,740 km2 (919,595 sq mi) Algeria
99%
2,344,858 km2 (905,355 sq mi) Dem. Rep. Congo
91%
1,861,484 km2 (718,723 sq mi) Sudan
90%
1,759,540 km2 (679,362 sq mi) Libya
85%
1,284,000 km2 (495,755 sq mi) Chad
79%
1,267,000 km2 (489,191 sq mi) Niger
78%
1,240,192 km2 (478,841 sq mi) Mali
74%
1,246,700 km2 (481,354 sq mi) Angola
70%
1,104,300 km2 (426,373 sq mi) Ethiopia
69%
1,221,037 km2 (471,445 sq mi) South Africa
69%
451 km2 (174 sq mi) Seychelles
65%
2,040 km2 (788 sq mi) Mauritius
63%
964 km2 (372 sq mi) Sao Tome and Principe
63%
2,235 km2 (863 sq mi) Comoros
62%
4,033 km2 (1,557 sq mi) Cape Verde
61%
10,380 km2 (4,008 sq mi) Gambia
52%
27,830 km2 (10,745 sq mi) Burundi
49%
23,200 km2 (8,958 sq mi) Djibouti
45%
26,798 km2 (10,347 sq mi) Rwanda
43%
17,364 km2 (6,704 sq mi) Swaziland
42%
No matching quizzes found
Score Distribution
Percent of People with Each Score
Percentile by Number Answered
Your Score History
You have not taken this quiz